00953nac a22002291u 4500010001600000020001700016082001700033090001500050100003400065245007100099260004100170300003200211440003900243500015300282504003900435650003900474650003300513710003900546942001900585999001500604952010400619 a 87008968 a0824778014 :00a668.1bR8131 c4558d4558 aRosen, Milton J.[ed] 00aSurfactants in emerging technologies /cedited by Milton J. Rosen. aNew York :bM. Dekker,c1987.cc1987. ax, 215 p. :bill. ;c24 cm. 0aSurfactant science series ;vv. 26 aProceedings of a conference sponsored by the National Science Foundation, held at Brooklyn College of the City University of New York, June 6, 1986. aIncludes bibliographies and index. 0aSurface active agentsxCongresses. 0aHigh technologyxCongresses.2 aNational Science Foundation (U.S.) cBBk668.1R8131 c4558d4558 00104070aMAINbMAINc1STd2010-09-07ePurchasel0o668.1 ROSp000005698r2025-07-15 00:00:00yBB